000 00640cam a22002171 4500
001 sa 64006307
003 DLC
005 20260227112038.0
008 780309s1960 io 000 0 ind
010 _asa 64006307
025 _aPL480:Indo-445
040 _aDLC
_cDLC
_dDLC
050 0 0 _aBP165
_b.M82 1960
100 0 _aMuhammad Usman el Muhammady,
_cTeungku,
_d1903-
245 1 0 _aKonsepsi pembangunan djiwa Islam;
_bdjiwa, negara dan kebudajaan Islam,
_coleh T. M. Usman el Muhammady.
250 _a[Tjet. 2.]
260 _aDjakarta,
_bAgus Salim
_c[1960]
300 _a2 v.
_c18 cm.
490 0 _aSerie Islamologi
650 0 _aIslam.
999 _c59615
_d59615